Tratamiento impositivo de las inversiones bursátiles (Registro nro. 17984)

Detalles MARC
000 -LEADER
fixed length control field 00419 a2200133 4500
001 - CONTROL NUMBER
control field ART_11120
005 - DATE AND TIME OF LATEST TRANSACTION
control field 20260410161732.0
008 - FIXED-LENGTH DATA ELEMENTS--GENERAL INFORMATION
fixed length control field 260409a
100 1# - MAIN ENTRY--PERSONAL NAME
Personal name Shilton, Edgardo
245 10 - TITLE STATEMENT
Title Tratamiento impositivo de las inversiones bursátiles
700 1# - ADDED ENTRY--PERSONAL NAME
Personal name Chapto, Alejandro Miguel
700 1# - ADDED ENTRY--PERSONAL NAME
Personal name Urdampilleta, Marcelo
773 0# - HOST ITEM ENTRY
Title Ejecutivos de finanzas
Related parts - Año 5, Nº 42 (nov. 1987)
Record control number REV2863

No hay ítems disponibles.